Sleep Token - Emergence Lyrics - Statistics

General Stats
  • This quiz has been taken 70 times
  • The average score is 332 of 457
Answer Stats
Answer % Correct
a
100%
and
100%
And
100%
on
100%
on,
100%
the
100%
you
100%
You
100%
I
97%
in
97%
In
97%
to
97%
where
97%
come
93%
Come
93%
me
93%
me,
93%
were
93%
we're
93%
who
93%
are
90%
Are
90%
go
90%
Go
90%
your
90%
my
86%
My
86%
Out
86%
out
86%
So
86%
so
86%
that
86%
living
83%
"living
83%
No
83%
no
83%
Well,
83%
around
79%
be
79%
do,
79%
emerge
79%
from
79%
it's
79%
It's
79%
know
79%
underneath
79%
again
76%
of
76%
promised
76%
time
76%
wrap
76%
ahead
72%
am
72%
arms
72%
Arms
72%
might
69%
relinquished
69%
verse,
69%
word
69%
yeah
69%
down
66%
feel
66%
for
66%
laid
66%
nano,
66%
rose
66%
blood
62%
Burst
62%
chest
62%
hide
62%
light
62%
mind
62%
red
62%
vents
62%
what
62%
when
62%
alive,
59%
beats
59%
glass
59%
now
59%
world,
59%
another
55%
close
55%
gods,
55%
gold?
55%
have
55%
one
55%
past
55%
white
55%
as
52%
at
52%
by
52%
carbide
52%
Dark
52%
end
52%
got
52%
meant
52%
right
52%
sapphire
52%
tell
52%
culture,
48%
I'm
48%
lightbulb
48%
solar
48%
through
48%
with
48%
feeling
45%
flares
45%
half-life"
45%
space
45%
tear
45%
trauma
45%
dust
41%
enemies
41%
eye,
41%
Glory
41%
heard
41%
is
41%
neighbours
41%
nothing
41%
same
41%
you're
41%
daylight
38%
dead
38%
fuel
38%
headfirst
38%
how
38%
I've
38%
legion,
38%
lens
38%
lockstep
38%
pain
38%
quiet
38%
rods
38%
universe,
38%
away
34%
bite
34%
call
34%
canines
34%
days
34%
Godspeed
34%
Hellfire,
34%
let
34%
midnight
34%
mind's
34%
quite
34%
side
34%
sign
34%
take
34%
afterlife
31%
asking
31%
behaviour,
31%
depths
31%
drowning
31%
skin
31%
solstice,
31%
started
31%
what's
31%
whoo)
31%
dancing
28%
else
28%
saviour
28%
well-versed
28%
winds
28%
within
28%
matter
24%
sanctified
24%
below
21%
(huh,
21%
been
17%
who've
14%
No matching quizzes found
Score Distribution
Percent of People with Each Score
Percentile by Number Answered
Your Score History
You have not taken this quiz